| 000 | 01004cab a2200241 4500 | ||
|---|---|---|---|
| 001 | X78822 | ||
| 008 | 090401t1997 xxu||||| |||| 00| 0 eng d | ||
| 035 | _a(Sirsi) u78822 | ||
| 041 | _aeng | ||
| 245 | _aMaher v Nazir | ||
| 260 | _c1997 | ||
| 350 | _a0 | ||
| 490 |
_aConstruction Industry Law Letter _v1997 CILL 1257-1258(2) |
||
| 520 | _aORC 29 April 1997. The parties were neighbours. The defendant wished to execute works on the boundary of two properties. In the course of works excavated under neighbour`s garage and drive. The local authority entered onto defendant`s property and erected shoring. The part of the drive not supported collapsed. Held the plaintiff could recover financial loss in respect of liability to pay local authority for cost of erecting and maintaining scaffold. | ||
| 650 |
_aBoundary disputes _96221 |
||
| 650 | _aEXCAVATION | ||
| 650 | _aFINANCIAL LOSS | ||
| 650 | _aLIABILITY | ||
| 650 | _aRECOVERY | ||
| 690 | _aLAW | ||
| 942 | _n0 | ||
| 948 | _c09/06/1997 | ||
| 999 |
_c49541 _d49541 |
||